Oxford English-English Hindi dictionary (Record no. 5322)
[ view plain ]
| 000 -LEADER | |
|---|---|
| fixed length control field | 00303nam a2200121Ia 4500 |
| 082 ## - DEWEY DECIMAL CLASSIFICATION NUMBER | |
| Classification number | 423.91431 |
| Item number | KUM |
| 100 ## - MAIN ENTRY--PERSONAL NAME | |
| Personal name | Suresh Kumar, |
| 245 ## - TITLE STATEMENT | |
| Title | Oxford English-English Hindi dictionary |
| 260 ## - PUBLICATION, DISTRIBUTION, ETC. (IMPRINT) | |
| Name of publisher, distributor, etc | Oxford University Press |
| Place of publication, distribution, etc | N.Delhi |
| Year of Publication | 2008 |
| 300 ## - PAGE DESCRIPTION | |
| No. of Pages | 1395p. |
| 700 ## - ADDED ENTRY--PERSONAL NAME | |
| Personal name | Sahai,Ramanath |
| 942 ## - ADDED ENTRY ELEMENTS (KOHA) | |
| Source of classification or shelving scheme | Dewey Decimal Classification |
| Koha item type | Books |
| Withdrawn status | Lost status | Source of classification or shelving scheme | Damaged status | Use restrictions | Not for loan | Collection code | Home library | Current library | Date acquired | SGTU | Total Checkouts | Full call number | Accession No. (Barcode) | Date last seen | Bill Date | Koha item type |
|---|---|---|---|---|---|---|---|---|---|---|---|---|---|---|---|---|
| Dewey Decimal Classification | Restricted Access | Not For Loan | ENGINEERING | SGT Engineering Library | SGT Engineering Library | 02/09/2011 | SGTU | 423.91431 KUM | FE3969 | 09/02/2015 | 09/02/2015 | Books | ||||
| Dewey Decimal Classification | Restricted Access | Not For Loan | ENGINEERING | SGT Engineering Library | SGT Engineering Library | 02/09/2011 | SGTU | 423.91431 KUM | FE3970 | 09/02/2015 | 09/02/2015 | Books | ||||
| Dewey Decimal Classification | Restricted Access | Not For Loan | ENGINEERING | SGT Engineering Library | SGT Engineering Library | 02/09/2011 | SGTU | 423.91431 KUM | FE3971 | 09/02/2015 | 09/02/2015 | Books | ||||
| Dewey Decimal Classification | Not For Loan | ENGINEERING | SGT Engineering Library | SGT Engineering Library | 02/09/2011 | SGTU | 423.91431 KUM | FE3972 | 09/02/2015 | 09/02/2015 | Books | |||||
| Dewey Decimal Classification | Restricted Access | Not For Loan | ENGINEERING | SGT Engineering Library | SGT Engineering Library | 02/09/2011 | SGTU | 423.91431 KUM | FE3973 | 09/02/2015 | 09/02/2015 | Books |